Wypisz stolice 15 najmniejszych krajów świata! - Statystyki

Ogólne statystyki
  • Ten quiz został rozwiązany 350 razy
  • Średni wynik to 6 z 15
Statystyki odpowiedzi
Państwo Stolica % Poprawnych
Watykan Watykan
100%
Monako Monako
99%
San Marino San Marino
94%
Liechtenstein Vaduz
85%
Malta Valetta
77%
Malediwy Male
49%
Nauru Yaren
24%
Seszele Victoria
23%
Antigua i Barbuda Saint John's
16%
Saint Kitts i Nevis Basseterre
15%
Wyspy Marshalla Majuro
15%
Saint Vincent i Grenadyny Kingstown
14%
Grenada Saint George's
14%
Tuvalu Vaiaku
9%
Barbados Brigdetown
2%
Nie znaleziono quizów pasujących do podanych kryteriów
Rozkład punktacji
Procent ludzi z każdym wynikiem
Percentyl według liczby udzielonych odpowiedzi
Twoja historia wyników
Nie rozwiązałeś tego quizu